000 01374nam a2200325 i 4500
003 EG-GICUC
005 20260121101716.0
008 260111s1954 ua ||||fr|||| 00| 0 ara d
040 _a EG-GICUC
_bara
_c EG-GICUC
_d EG-GICUC
_erda
041 0 _aara
082 0 4 _221
_a345.3
_bس ل . ن
092 0 4 _221
099 _aLaw1 07 345.3 س ل . ن 2 ed - 1954
100 0 _aسليمان محمد الطماوي
_eمؤلف.
245 1 0 _aنشاط الإدارة /
_cدكتور سليمان محمد الطماوي
250 _aالطبعة الثانية
264 1 _aالقاهرة:
_bدار الفكر العربي ،
_c1954.
300 _a331 ؛صفحة
_c24 سم
_bإيضاحيات، صور، مثيليات ؛
336 _2rda content
_atext
337 _2rda media
_aComputer
338 _2rda carrier
_aOnline Resource
500 _aالمرافق العامة. الاموال العامة. الموظفون . وسائل الادارة . المسئولية الادارية
504 _aيشتمل على إرجاعات ببليوجرافية.
546 _aالنص أغلبه باللغة العربية بعض النصوص الإنجليزية والفرنسية
650 1 _aالقانون الإداري
_2qrmak
651 1 _2qrmak
856 4 0 _uhttps://fll.law.cu.edu.eg/fulltext/bks/B07-01049.pdf
905 _a74
942 _2ddc
_n0
_cBK
_e21
999 _c56295
_d56295